James Stewart's female partners on screen - Statistics

General Stats
  • This quiz has been taken 51 times
  • The average score is 7 of 14
Answer Stats
Hint Answer % Correct
Rear window Grace Kelly
97%
The Philadelphia story Katharine Hepburn
95%
Vertigo Kim Novak
84%
It's a wonderful life Donna Reed
73%
The man who knew too much Doris Day
70%
Mr. Smith goes to Washington Jean Arthur
51%
Made for Each Other Carole Lombard
46%
Destry rides again Marlene Dietrich
43%
The shop around the corner Margaret Sullavan
41%
The Stratton story June Allyson
35%
The Man who shot Liberty Valance Vera Miles
35%
How the west was won Carroll Baker
27%
It's a wonderful world Claudette Colbert
24%
Magic Town Jane Wyman
14%
No matching quizzes found
Score Distribution
Percent of People with Each Score
Percentile by Number Answered
Your Score History
You have not taken this quiz